000 00389nam a22001457a 4500
005 20251111162216.0
008 251111b |||||||| |||| 00| 0 eng d
020 _a9780787960759
082 _a658.4022 LEN;
100 _aLencioni, Patrick.
245 _aThe five dysfunctions of a team : a leadership fable
260 _aNew Jersey
_bWiley
_c2002
300 _axiii, 228
942 _cAR
999 _c301144
_d301144